| 000 | 00000nam 2200000zi 4500 |
| 001 | 9.930262 |
| 003 | CaOODSP |
| 005 | 20241107101924 |
| 006 | m o d f |
| 007 | cr |n||||||||| |
| 008 | 231114s1984 oncdb|| o f000 0|eng d |
| 040 | |aCaOODSP|beng|erda|cCaOODSP |
| 041 | 0 |aeng|afre |
| 043 | |an-cn--- |
| 086 | 1 |aCo23-126/1984-PDF |
| 245 | 00|aCanadian television channel allotment plan = |bPlan d'allotissement des canaux de télévision au Canada. |
| 246 | 31|aPlan d'allotissement des canaux de télévision au Canada |
| 264 | 1|a[Ottawa] : |bGovernment of Canada, Department of Communications, Telecommunication Regulatory Service = Gouvernement du Canada, Ministère des communications, Service de la réglementation des télécommunications, |c[1984] |
| 300 | |a1 online resource (ix, ix, 30, 30 pages) : |bcharts, maps |
| 336 | |atext|btxt|2rdacontent |
| 337 | |acomputer|bc|2rdamedia |
| 338 | |aonline resource|bcr|2rdacarrier |
| 500 | |aDigitized edition from print [produced by Innovation, Science and Economic Development Canada]. |
| 500 | |a"Effective date: March 1, 1984." |
| 546 | |aText in English and French. |
| 650 | 0|aTelevision frequency allocation|zCanada. |
| 650 | 0|aTelevision stations|zCanada|xCall signs. |
| 710 | 1 |aCanada. |bDepartment of Communications, |eissuing body. |
| 788 | |tCanadian television channel allotment plan = |efre|w(CaOODSP)9.944948 |
| 856 | 40|qPDF|s2.05 MB|uhttps://publications.gc.ca/collections/collection_2024/isde-ised/Co23-126-1984.pdf |